1001 1010 1322 1400 1712 1025 1886 1313 1765 1188 1462 1862 1391 1922 1434 1264 1578 1678 1765 1078 1473 1903 1263 1647 1956 1541 1714 1964 1946 1425 1147 1816 1965 1625 1573 1206 1808 1405 1325 1099 1888 1698 1041 1706 1546 1367 1821 1418 1676 1516 1746 1294 1832 1625 1751 1437 1364 1239 1796 1393 1076 1035 1943 1683 1495 1868 1922 1795 1861 1909 1144 1249 1480 1915 1434 1617 1068 1407 1105 1631 1290 1842 1660 1964 1056 1132 1217 1710 1871 1973 1933 1815 1242 1012 1313 1948 1141 1814 1425 BCNSPRNW ULIB Ver.6.0+V

เปลี่ยนเป็นภาษาไทย

Change to English
 แสดงรายละเอียดบรรณานุกรม
  กลับหน้าหลัก

Brief Record : Get Marc (ISO 2709) : E-mail record : QR code < ปิดหน้าต่าง
LEADER : 00000nam 2200000uu 4500
001    13399109349
003     ULIB
008    110329s2543||||th 000 0 tha d
060  4 WA712^bศ432พ 2543
100 0  ศักดิ์ บวร
245 10 สารแอนติออกซิแดนซ์กับปัญหาสุขภาพ/^cศักดิ์ บวร, เรียบเรียง
250    พิมพ์ครั้งที่ 1
260    กรุงเทพฯ :^bสำนักพิมพ์สมิต,^c2543
300    86 หน้า :^bภาพประกอบ;^c19 ซม.
490 0  อาหารและสุขภาพ
650  7 สารผสมอาหาร
650  7 สารต่อต้านอนุมูลอิสระ
650  7 แอนติออกซิแดนซ์
945    ^p66^l0^i012509
945    ^p66^l0^i012507
945    ^p66^l0^i012508
995    ทศพร
999 ^a ใช้งานได้ทุกระบบ
รายการนี้ยังไม่มีแท็ก
คุณยังไม่ได้ล็อกอิน คุณสามารถมีกิจกรรมร่วมกับเว็บไซต์ได้ แต่ต้องล็อกอินก่อน ::
  ล็อกอิน

รายการสื่อสารสนเทศ

ลำดับที่ ประเภท เลขเรียก/บาร์โค้ด สถานที่ สถานะ
- ไม่พบข้อมูล -

รายการใกล้เคียง
    ผู้แต่ง [ศักดิ์ บวร]

BibComment


ยังไม่เคยถูกคอมเมนท์

คอมเมนท์ทรัพยากรรายการนี้
  คอมเมนท์: สารแอนติออกซิแดนซ..


 Copyright 2026. Bcnsprnw @Library